000 00567nam a2200181Ia 4500
003 GCL
008 140319s9999 xx 000 0 ara d
040 _aGCL /
_cGCL
082 0 4 _a510
_bم م
100 1 _aمصطفى احمد الجندى
245 1 0 _aمبادئ الجبر الحديث /
_cمصطفى احمد الجندى
260 _aبيروت :
_bدار الراتب الجامعية
300 _a230 ص
490 _aسلسلة مجموعات كتب الرياضيات
_v0
650 0 4 _aالجبر
650 0 4 _aالجبر الخطى
942 _2ddc
_cBK
999 _c30342
_d30342